Geometry Dash - Every NC extreme demons - Statistiques

Statistiques générales
  • Ce quiz a été pris 70 fois
  • Le résultat moyen est 9 sur 34
Statistiques - réponses
TOP Name % Correct
242 Sonic Wave
90%
14 Sakupen Circles
81%
45 Sonic Wave Infinity
74%
241 Sonic Wave Rebirth
66%
25 Solar Flare
47%
27 The Hallucination
40%
423 Auditory Breaker
38%
613 Down Bass
36%
187 Arctic Lights
31%
403 Bausha Vortex
31%
66 Aerial Gleam
29%
408 Balengu Vortex
28%
263 Generic Wave
28%
229 Hyper Paracosm
22%
104 Cosmic Cyclone
19%
83 Crackhead Circles
19%
714 Cat Planet
17%
443 Hyper Paradox
17%
198 Aquatic Auroras
16%
593 Azurite
14%
469 Mujigae
14%
523 Poltergeist Reborn
14%
522 Tenth Circle
14%
244 Bete Noire
12%
554 Hateful Reflection
12%
261 Molten Core
12%
107 Rigel
12%
532 Abandoned Planet
10%
584 Astrophobia
10%
276 Friday Vortex
10%
1018 Bangarang
9%
849 cerebral hemorrhage
9%
1027 Redemption
9%
124 Axiom Asterism
7%
Aucun quiz correspondant
Distribution des résultats
% des personnes avec chaque résultat
Percentile par nombre de réponses
Votre historique - résultats
Vous n’avez pas pris ce quiz